| 000 | 00959nam a22002297a 4500 | ||
|---|---|---|---|
| 003 | OSt | ||
| 005 | 20260511160756.0 | ||
| 008 | 260511b |||||||| |||| 00| 0 eng d | ||
| 020 | _a9781529422832 | ||
| 040 | _aKenya National Library Service | ||
| 082 | _a843.92 APP | ||
| 100 | _aAppanah, Nathacha | ||
| 245 |
_aNothing belongs to you / _cNathacha Appanah ; translated from French by Jeffrey Zuckerman. |
||
| 300 |
_a143 pages ; _c20 cm |
||
| 520 | _aThe novel explores the intense friendship between two girls and the emotional consequences that follow into adulthood. Through themes of memory, loss, identity, and human connection, the story examines how past experiences shape personal relationships and emotional lives. | ||
| 650 | _aFriendship -- Fiction | ||
| 650 | _aEmotional trauma -- Fiction | ||
| 700 |
_aZuckerman, Jeffrey _etranslator |
||
| 942 |
_2ddc _cBK _n0 |
||
| 999 |
_c492682 _d492682 |
||